• 首页
  • 本馆介绍
  • 公告通知
  • 最新文献
  • 馆藏检索
  • 电子资源
  • 读者导购
  • 参考咨询
  • 我的图书馆
  • 登录
  • 详细信息显示
  • 放入我的书架
  • 预约/预借图书
  • 作者相关作品
  • 分类相关作品
  • 丛书相关作品
  • 出版社相关作品

书目信息

  • 表格格式
  • 工作单格式
  • 卡片格式
题名:
维特根斯坦哲学导论
    
 
作者: 皮尔森 , 刘东 , 谢维和 著
分册:  
出版信息: 成都   四川人民出版社  1988.5
页数: 184页
开本: 19厘米
丛书名: 《走向未来》丛书
单 册:
中图分类: B561.59
科图分类:
主题词:
电子资源:
ISBN: 7-220-00342-0
000 01037nam2 2200289 450
001 0100238327
005 20020928000000.0
010    @a7-220-00342-0@dCNY1.30
011    @a7-220-00342-0
100    @a19910415d1988 km y0chiy0110 ea
101 1  @achi@beng
102    @aCN@b510000
105    @ac z 000yy
200 1  @a维特根斯坦哲学导论@9Wei Te Gen Si Tan Zhe Xue Dao Lun @f(荷)范坡伊森(Van Peurson,C.A.)著@g刘东,谢维和译@b专著
210    @a成都@c四川人民出版社@d1988.5
215    @a184页@c肖像@d19厘米
225 2  @a《走向未来》丛书@f金观涛主编
300    @a本书据英译本译出
330    @a本书介绍了维特根斯坦的哲学思想,展示出维特根斯坦的哲学精华。
410  0 @12001 @a《走向未来》丛书
600  0 @a维特根斯坦@c(Wittgenstein, Ludwig@f1889-1951)@x哲学思想@x研究
690    @aB561.59@v1980
701  0 @c(荷)@a皮尔森@c(Peursen, C. A. van@f1920~1996)@9pi er sen@4著
701  0 @a刘东@9liu dong@4译
701  0 @a谢维和@f(1954~)@9xie wei he@4译
801  0 @aCN@bAiZhiMarc@c19910415
905    @aBZT@dB561.59@e7@f5@sB561.59/7
    
    维特根斯坦哲学导论/(荷)范坡伊森(Van Peurson,C.A.)著/刘东,谢维和译.-成都:四川人民出版社,1988.5
    184页:肖像;19厘米.-(《走向未来》丛书/金观涛主编)
    本书据英译本译出
    
    ISBN 7-220-00342-0:CNY1.30
    本书介绍了维特根斯坦的哲学思想,展示出维特根斯坦的哲学精华。
●
相关链接 在五车中查询图书 在当当中查询图书 在豆瓣中查询图书


正题名:维特根斯坦哲学导论     索取号:B561.59/7         预约/预借

序号 登录号 条形码 馆藏地/架位号 状态 备注
1 2000099048   2000099048   旧书回溯/ [索取号:B561.59/7] 在馆    
2 2000099049   2000099049   旧书回溯/ [索取号:B561.59/7] 在馆    
3 2000099050   2000099050   旧书回溯/ [索取号:B561.59/7] 在馆    
4 2000099051   2000099051   旧书回溯/ [索取号:B561.59/7] 在馆    
5 2000099052   2000099052   旧书回溯/ [索取号:B561.59/7] 在馆    
山东省滨州职业学院图书馆 欢迎您!
大连网信软件有限公司© 版权所有